Marten-Finnis, Susanne. Vilna as a Centre of the Modern Jewish Press, 1840 - 1928. - Oxford [u.a.] : Lang. - 2004 [Rezension]

Titel: Marten-Finnis, Susanne. Vilna as a Centre of the Modern Jewish Press, 1840 - 1928. - Oxford [u.a.] : Lang. - 2004 [Rezension]
Verfasser:
In: Judaica, Band 61 (2005), Seite 85-86
alle Artikel anzeigen
Veröffentlicht: 2005
Format: Aufsatz
Sprache: Deutsch
Kein Bild verfügbar
X
alg: 39496480
001A    $01999:12-11-16 
001B    $01999:04-08-21 $t21:00:36.000 
001C    $06050:23-02-17 $t16:44:30.000 
001D    $01999:12-11-16 
001U    $0utf8 
001X    $00 
002@    $0Aox 
003@    $0394964802 
007A    $0394964802 $aHEB 
007T    $0Herdd02889 
010@    $ager 
011@    $a2005 
021A    $aMarten-Finnis, Susanne. Vilna as a Centre of the Modern Jewish Press, 1840 - 1928. - Oxford {[u.a.] : Lang. -  2004 [Rezension] 
028A    $7109231279 $8Schreiner, Stefan$Z1947- [Tp1] $9143931636 
031A    $d61 $h85-86 $j2005 
039B    $aIn $8--Abvc--. Judaica. - Zürich : Zürcher Institut für Interreligiösen Dialog (ZIID), 1945-[2018]. - ISSN 0022-572X $x200500000610000915 $9047669764 
039T    $8--Aau--Marten-Finnis, Susanne$Z1957- [Tp3]. Vilna as a Centre of the Modern Jewish Press, 1840 - 1928. - Oxford {[u.a.] : Lang, 2004. - 197 S.. - ISBN 3-03910-080-7 $9121858618 
045F    $a900.94793 $eDDC23BSB 
045F/01 $a900 
045F/03 $g4793 
045F/03 $g438 
045T    $a7,7 $a1 $a0 
045T    $aJUDAICA $qDE-30 $2FID 

lok: 39496480 78

exp: 39496480 78 1 #EPN
201B/01 $018-11-16 $t13:17:13.000 
201U/01 $0utf8 
203@/01 $0791263371 
208@/01 $a12-11-16 $be 
209A/01 $a/ $f000 $x00 
220C/01 $aTitelaufnehmer: dt 
244Z/01 $2Trx $#Poola $#Lenkija $#Polija $#Polen Land $#Poland $#Lengyelország $#Poľsko $#Polsko $8--Trx--Polska$gkraj $x01 $9391345966 
244Z/01 $2Trx $#Litauen $#Lithuania $#Litwa $#Litva $#Litva $8--Trx--Lietuva $x02 $9391193457 
244Z/01 $2Trx $#arvustused $#recenzijos $#Reviews $#recenziók $#recenzje $#recenzie $#recenze $8--Trx--Rezensionen $x03 $9391357441 
247C/01 $82080>Marburg/Lahn, Herder-Institut, Forschungsbibliothek, Bibliographieportal $9336309341
LEADER 00000caa a22000002c 4500
001 394964802
003 DE-603
005 20210804210036.0
007 tu
008 161112s2005 xx |||| | u00||u|ger c
035 |a (DE-599)HEB394964802 
040 |a DE-603  |b ger  |c DE-603  |d DE-603 
041 |a ger 
082 0 4 |8 1\u  |a 900.94793  |q DE-101  |2 23/BSB 
084 |a 7,7  |a 1  |a 0  |2 ssgn 
084 |a JUDAICA  |q DE-30  |2 fid 
085 |8 1\u  |b 900 
085 |8 1\u  |z 2  |s 4793 
085 |8 1\u  |z 2  |s 438 
100 1 |a Schreiner, Stefan  |d 1947-  |0 (DE-603)143931636  |0 (DE-588)109231279  |2 gnd 
245 0 0 |a Marten-Finnis, Susanne. Vilna as a Centre of the Modern Jewish Press, 1840 - 1928. - Oxford ˜[u.a.] œ: Lang. - 2004 [Rezension] 
264 0 |c 2005 
773 0 8 |i In  |t Judaica  |d Zürich : Zürcher Institut für Interreligiösen Dialog (ZIID), 1945-[2018]  |x 0022-572X  |g Band 61 (2005), Seite 85-86  |w (DE-603)047669764  |w (DE-600)501373-2 
787 0 8 |i Rezension von  |a Marten-Finnis, Susanne, 1957-  |t Vilna as a Centre of the Modern Jewish Press, 1840 - 1928  |d Oxford ˜[u.a.] œ: Lang, 2004  |h 197 S.  |z 3039100807  |z 0820468967  |w (DE-603)121858618 
924 0 |9 2080  |a (DE-603)791263371  |b DE-2080  |c HES  |d d  |g /